000 00668nam a2200265Ia 4500
005 20260121170832.0
008 008 260114s9999 xx 000 0 eng d
020 _a9781484235010
037 _aEBOOK
040 _aCRL
040 _beng
040 _cCRL
041 _2eng
041 _aeng
084 _qCRL
100 _aJoan Horvath, Rich Cameron
_91068756
245 0 _aMastering 3D Printing in the Classroom, Library, and Lab
260 _bSpringer
260 _bSpringer
260 _c2018
856 _uhttps://link.springer.com/openurl?genre=book&isbn=978-1-4842-3501-0
942 _cEBOOK
999 _c1634486
_d1634486